Factorización

Enregistré dans:
Détails bibliographiques
Auteur principal: Alvarez Jiménez, Rafael A (Auteur)
Autres auteurs: Mejía Duque, Francisco G. (autor)
Format: Livre
Langue:espagnol
Publié: Medellín Universidad de Medellín 2006
Édition:2a. ed
Collection:Lecciones de Matemáticas, 3
Sujets:
Tags: Ajouter un tag
Pas de tags, Soyez le premier à ajouter un tag!

MARC

LEADER 00000cam a2200000 a 4500
001 UCF4818
003 CL-VaPUC
008 130103e20060000CK |||||||||||||||||spa|d
020 |a 9789589785417 
082 0 4 |a 512.943  |b ALV  |2 21 
100 0 |a Alvarez Jiménez, Rafael A  |e author  |9 566467 
700 |a Mejía Duque, Francisco G.  |e autor  |9 566472 
245 1 0 |a Factorización 
250 |a 2a. ed 
300 |a 79 p 
942 |c BK 
945 |d 20130103 00:00:00  |a dcastane 
260 |a Medellín  |b Universidad de Medellín  |c 2006 
650 0 |a Factorización   |9 369380 
650 0 |a Matrices   |9 22 
650 7 |a OPERADORES INTEGRALES  |2 CL-VaPUC  |9 423135 
583 |a last modification  |c 20130103 11:06:00  |k Rodrigo Vera 
490 0 |a Lecciones de Matemáticas, 3 
999 |c 350512  |d 350510 
952 |0 0  |1 0  |4 0  |6 512_943000000000000_ALV_2006  |7 0  |8 A  |9 453930  |a BIBMAT  |b BIBMAT  |c E_DIDACT  |d 2019-11-22  |i 4936663  |o 512.943 ALV 2006  |p 4936663  |r 2025-01-07  |w 2019-11-22  |y BK  |k MAT